Top 20 Nationalities in NHL - Statistics

General Stats
  • This quiz has been taken 4,466 times
  • The average score is 15 of 20
Answer Stats
Players by number Country % Correct
5058 Canada
100%
1137 United States
100%
224 Russia
98%
300 Sweden
98%
199 Finland
97%
37 Germany
91%
218 Czech Republic
85%
11 France
84%
82 Slovakia
83%
8 Norway
82%
33 Switzerland
80%
12 Denmark
79%
18 England
76%
15 Austria
69%
21 Latvia
69%
19 Italy
67%
8 Ukraine
61%
12 Belarus
59%
10 Kazakhstan
46%
16 Scotland
14%
No matching quizzes found
Score Distribution
Percent of People with Each Score
Percentile by Number Answered
Your Score History
You have not taken this quiz